00573nam a2200181Ia 4500003000400000005001700004008004100021041000800062082002700070100002200097245002600119260003700145300002000182500002300202942001200225999001900237952013500256OSt20260119052304.0251219s9999 xx 000 0 und d aeng a658 SON DB3255bDB3255 aKaustub S9215975 aFetch your own coffee bPenguin Ramdom House/Indiac2020 a316bHard Bound aGeneral Management 2ddccDB c369509d369509 00102ddc4070aHIMRbHIMRd2025-12-11g1.00l0o658 SON DB3255 pHIMR-DB-3255r2025-12-23 13:15:00v1.00w2025-12-23yDBzDB3255